LEADER 00967nam a2200241 4500 001 000000350167 003 CaOOAMICUS 005 20220502122813.0 008 220502s1994 it a 000 u ita r 020 $a88-01-10464-2 040 $aSeMil$bita 100 1 $aVopel, Klaus W.,$d<1940- >.$0(OLS)http://semarc/name/113839 245 10$aVol. 1. 264 1$aLeumann (Torino) :$bElle Di Ci,$c1994. 300 $a152 p. :$bill. ;$c21 cm 773 0 $aVopel, Klaus W. <1940- >$tGiochi interattivi.$dLeumann (Torino) : Elle Di Ci, 1994.$kSussidi di gruppo$g1$w()350166 850 $aSeMil 852 $aSeMil$W1$xVenegono$y1$m2Q VII 144$j232995$B241165$CSeMilBibl$Z2$F241165 $81 961 $aBrambilla don Paolo - Omaggio 996 $6020$a88-01-10464-2$9(OLS)http://semarc/number/295792 996 $6245$aVol. 1$9(OLS)http://semarc/title/13429 996 $6264$aLeumann (Torino) :$bElle Di Ci$9(OLS)http://semarc/publisher/29809 LEADER 00957nam a2200205 i 4500 001 000000214886 003 CaOOAMICUS 005 20120808000000.0 008 120808s1895 it u000 u ger u 013 $a193758 040 $aSeMil$bita 245 10$aArchäologie der Kunst ; Nebst einen Anhang über die antike Numismatik /$cvon Karl Sittl ; mit einem Atlas von 450 Abbildungen. 300 $aXVIII, 953 p. :$bill. 650 4$aArcheologia.$0(OLS)http://semarc/subject/922 650 4$aArte antica.$0(OLS)http://semarc/subject/2429 650 4$aNumismatica.$0(OLS)http://semarc/subject/1823 773 0 $tHandbuch der klassischen Altertums-Wissenschaft.$dMünchen : C. H. Beck'sche Verlagsbuchhandlung, 1886.$gBd.6$w()27185 850 $aSeMil 852 $aSeMil$W1$xVenegono$y1$m1Y IV 54 FA$j165307$B165307$CSeMilBibl$Z2$F176306 $8I 996 $6245$aArchäologie der Kunst ; Nebst einen Anhang über die antike Numismatik$9(OLS)http://semarc/title/309585